| 000 | 00914nam a2200277Ia 4500 | ||
|---|---|---|---|
| 003 | OSt | ||
| 005 | 20221005044033.0 | ||
| 006 | a|||||r|||| 00| 0 | ||
| 007 | ta | ||
| 008 | 221004b |||||||| |||| 00| 0 eng d | ||
| 020 |
_a9780824835668 (hbk) _c3907.80 |
||
| 024 | _a12690 | ||
| 037 |
_b11495, 27/03/2014, Elite Publishers Distributors _cTextual |
||
| 040 |
_aCRL _cCRL _beng |
||
| 041 |
_2eng _aeng |
||
| 082 | _aQ41, Q3 | ||
| 100 |
_aBareau Andre _973985 |
||
| 245 | 0 | _aBuddhist schools of the small vehicle | |
| 260 |
_aHonolulu _bUniversity of Hawai'i press U.S.A _c2013 |
||
| 300 |
_axxviii, 463p. _ccm. |
||
| 650 | _aRELIGION | ||
| 700 |
_a Boin - Webb Sara Tr. _9581905 |
||
| 700 |
_a Skilton Andrew Ed. _9592145 |
||
| 942 |
_hQ41, Q3 _cTEXL _2cc |
||
| 999 |
_c952791 _d952791 |
||